LEADER 01951nas 2200661-a 450 001 996214865203316 005 20230928213017.0 011 $a0973-0788 035 $a(DE-599)ZDB2211963-2 035 $a(OCoLC)664427368 035 $a(CKB)110978977566671 035 $a(CONSER)--2020204449 035 $a(EXLCZ)99110978977566671 100 $a20100917a19949999 --- a 101 0 $aeng 135 $aurbn||||||abp 135 $aurbn||||||ada 181 $ctxt$2rdacontent 182 $cc$2rdamedia 183 $acr$2rdacarrier 200 00$aSouth Asian survey $ea journal of the Indian Council for South Asian Cooperation 210 1$aNew Delhi ;$aThousand Oaks, CA :$cSage Publications 215 $a1 online resource (volumes) 300 $aRefereed/Peer-reviewed 311 $a0971-5231 517 3 $aJournal of the Indian Council for South Asian Cooperation 606 $aLänderforschung$2stw 606 $aIndien$2stw 606 $aSüdasien$2stw 606 $aSAARC-Staaten$2stw 607 $aSouth Asia$vPeriodicals 607 $aAsie méridionale$vPériodiques 607 $aSouth Asia$2fast 608 $aPeriodical 608 $aperiodicals.$2aat 608 $aPeriodicals$2fast 608 $aPeriodicals.$2lcgft 608 $aPériodiques.$2rvmgf 610 00$aeconomische situatie 610 00$aeconomic situation 610 00$aeconomie 610 00$aeconomics 610 00$aeconomische ontwikkeling 610 00$aeconomic development 610 00$asouth asia 610 00$aeconomische verandering 610 00$aeconomic change 610 10$aEconomic Situation in Asia 615 7$aLänderforschung. 615 7$aIndien. 615 7$aSüdasien. 615 7$aSAARC-Staaten. 676 $a954.005 712 02$aIndian Council for South Asian Cooperation, 906 $aJOURNAL 912 $a996214865203316 996 $aSouth Asian survey$9968750 997 $aUNISA LEADER 03053nam0 22003853i 450 001 VAN0262381 005 20240311091512.478 012 $2fei$arim- O.M. aba- gMN. (3) 1751 (R)$5VAN 100 $a20230803d1751 |0itac50 ba 101 $alat 102 $aIT 140 $a||||||||| ||||||||| 200 1 $aˆHermanni Boerhaave ‰Opera omnia medica complectentia 1. Institutiones medicas, 2. Aphorismos de cognoscendis & curandis morbis, 3. Libellum de materie medica, 4. Tractatum de lue aphrodisiaca sive venerea .. 205 $aAccedit in nova hac editione auctoris vita et effigies 210 $aVenetiis$capud Laurentium Basilium$d1751 215 $a[24], 524 p.$c1 ritratto$d4° 300 $aRitratto di Hermann Boerhaave in antiporta con sottoscrizione F.us Zucchi inc. - Sul frontespizio e a carta M1r marca: Angelo in volo su sole nascente in cornice vegetale; sopra la scritta: l'Aurora. - Carta 2K5r erroneamente segnata 2L5. - Segnatura: [a]? b? A-K? L? M-2I? 2K¹?. - A carta b3r fregio xilografico con monogramma floreale dell'editore Lorenzo Baseggio; a carta T4r stesso fregio stampato al contrario. - Iniziali, finalini e testatine xilografiche. - A carta b3r con frontespizio proprio: Institutiones medicae. - A carta M1r con frontespizio proprio: Aphorismi de cognoscendis et curandis morbis. - A carta T4r con frontespizio proprio: Libellus de materie medica et remediorum formulis. - A carta 2A6r con proprio occhietto: Tractatus de lue aphrodisiaca, sive venerea. - A carta 2F3r con proprio occhietto: Orationes inaugurales academicae 423 1$1001VAN0262384$12001 $aˆHermanni Boerhaave ‰Tractatus de lue aphrodisiaca, sive venerea: item morborum historiae duae, et de fabrica glandularum in corpore humano epistola ad Fredericum Ruyschium. 423 1$1001VAN0262385$12001 $aˆHermanni Boerhaave ‰Orationes inaugurales academicae, 423 1$1001VAN0262386$12001 $aˆHermanni Boerhaave ‰Libellus de materie medica, et remediorum formulis, quæ serviunt Aphorismis de cognoscendis, & curandis morbis. 423 1$1001VAN0262387$12001 $aInstitutiones medicæ in usus annuæ exercitationis domesticos digestæ ab Hermanno Boerhaave 423 1$1001VAN0262388$12001 $aAphorismi de cognoscendis et curandis morbis in usum doctrinæ domesticæ digesti ab Hermanno Boerhaave 500 1$3VAN0262389$aOpera omnia medica.$93403220 620 $dVenezia$3VANL000080 700 1$aBoerhaave$bHerman$3VANV051513$4070$0724270 702 1$aZucchi$bFrancesco$f1692-1764$3VANV124685 712 02$aBaseggio, Lorenzo$3VANV127424 790 1$aBoerhaave, Hermannus$zBoerhaave, Herman$3VANV220418 791 02$aLaurentium Basilium$zBaseggio, Lorenzo$3VANV216811 801 $aIN$c20240315$gRICA 899 $aUFFICIO BIBLIOTECA AREA MUSEALE$2VAN18 912 $aVAN0262381 950 $aUFFICIO BIBLIOTECA AREA MUSEALE$d18ANAT 1. 700.24 $e18MUS419 20230803 $sBuono 996 $aOpera omnia medica$93403220 997 $aUNICAMPANIA